Nové druhy rizík v poisťovníctve

Stručný úvod do problematiky nových druhov rizík v poisťovníctve. Definovanie pojmu nové druhy rizík. Vymedzenie klasifikácie nových druhov rizík z rôznych pohľadov. Príčiny vzniku nových druhov rizík.

Na minha lista:
Detalhes bibliográficos
Autor principal: Brokešová, Zuzana, 1985-
Formato: Capítulo de Livro
Idioma:eslovaco
Assuntos:
Tags: Adicionar Tag
Sem tags, seja o primeiro a adicionar uma tag!

MARC

LEADER 00000nla$a2200000$$$4500
001 0136904
005 20240502072531.9
041 0 |a slo 
044 |a SK 
245 1 0 |a Nové druhy rizík v poisťovníctve  |c Zuzana Brokešová 
520 |a Stručný úvod do problematiky nových druhov rizík v poisťovníctve. Definovanie pojmu nové druhy rizík. Vymedzenie klasifikácie nových druhov rizík z rôznych pohľadov. Príčiny vzniku nových druhov rizík. 
610 2 0 |a poisťovne 
610 2 0 |a riziko poistné 
100 1 |a Brokešová, Zuzana, 1985-